Les types de Pokémon en 30 secondes - Statistiques

Statistiques générales
  • Ce quiz a été pris 219 fois
  • Le résultat moyen est 12 sur 18
Statistiques - réponses
Type de quiz % Correct
Eau
97%
Feu
97%
Plante
85%
Fée
73%
Psy
71%
Dragon
66%
Vol
66%
Sol
65%
Acier
64%
Roche
63%
Spectre
63%
Ténèbres
61%
Normal
59%
Combat
56%
Insecte
56%
Electrik
50%
Poison
50%
Glace
48%
Aucun quiz correspondant
Distribution des résultats
% des personnes avec chaque résultat
Percentile par nombre de réponses
Votre historique - résultats
Vous n’avez pas pris ce quiz